Thinking through feminism

Αποθηκεύτηκε σε:
Λεπτομέρειες βιβλιογραφικής εγγραφής
Άλλοι συγγραφείς: Ahmed, Sara 1969- (Επιμελητής έκδοσης)
Μορφή: Βιβλίο
Γλώσσα:English
Δημοσίευση: London : Routledge, 2000
Σειρά:Transformations
Θέματα:
Ετικέτες: Προσθήκη ετικέτας
Δεν υπάρχουν, Καταχωρήστε ετικέτα πρώτοι!

MARC

LEADER 00000cam a2200000 i 4500
001 1/4148
008 100203s2000 eng d
020 |a 0-415-22067-X (pbk.) 
035 |l 10106631 
040 |a GR-MY-UA  |b gre  |e aacr 
041 0 |a eng 
082 0 |a 305.42  |2 (22) 
245 1 0 |a Thinking through feminism /  |c edited by Sara Ahmed ... [κ.ά.] 
260 |a London :   |b Routledge,   |c 2000 
300 |a xvi, 341 σ.;  |b εικ.;  |c 24 εκ. 
490 1 |a Transformations 
504 |a Περιέχει βιβλιογραφικές παραπομπές και ευρετήριο 
650 0 0 |a Feminism  |x Congresses. 
650 0 0 |a Feminist theory  |x Congresses. 
650 0 0 |a Women's studies  |x Congresses. 
700 1 |a Ahmed, Sara  |d 1969-  |4 edt 
830 0 |a Transformations 
852 |a INST  |b LESVOS  |e 20100203  |h 305.42 THI  |p 005100045796  |q 005100045796  |t BK  |y 0 
901 |a BIBL1-2010-1 
909 |a Λ  |b 161746 
970 |a ΓΙΑΛΑΜΑ  |b ΜΑΡΙΑ  |z 2010/02/03